<?xml version="1.0" encoding="UTF-8"?>
<collection xmlns="http://www.loc.gov/MARC21/slim">
 <record>
  <leader>02050nam a22001815a 4500</leader>
  <controlfield tag="001">CEM.cems024607</controlfield>
  <controlfield tag="008">250520s1985####sp############000#0#und#d</controlfield>
  <controlfield tag="005">20250520172411.0</controlfield>
  <datafield tag="245" ind1="1" ind2="0">
   <subfield code="a">Cuarenta y nueve cuentos. Otros cuentos. Por quién doblan las campanas /</subfield>
   <subfield code="c">Ernest Hemingway.</subfield>
  </datafield>
  <datafield tag="260" ind1=" " ind2=" ">
   <subfield code="a">Barcelona :</subfield>
   <subfield code="b">Seix Barral,</subfield>
   <subfield code="c">1985.</subfield>
  </datafield>
  <datafield tag="300" ind1=" " ind2=" ">
   <subfield code="a">696 p.</subfield>
  </datafield>
  <datafield tag="490" ind1="1" ind2=" ">
   <subfield code="a">Summa literaria ;</subfield>
   <subfield code="v">10</subfield>
  </datafield>
  <datafield tag="505" ind1="0" ind2=" ">
   <subfield code="a">CUARENTA Y NUEVE CUENTOS -- Prefacio -- La vida corta y feliz de Francis Macomber -- La capital del mundo -- Las nieves del Kilimanjaro -- El viejo del puente -- Al norte de Michigan -- En el muelle de Esmirna -- En este mundo -- Campamento indio -- El médico y su mujer -- El fin de algo -- El vendaval de tres días -- El campeón -- Un cuento muy corto -- El regreso del soldado -- El revolucionario -- El señor y la señora Elliot -- El gato bajo la lluvia -- Fuera de temporada -- A través de los campos nevados -- El padre -- El gran río de los corazones I -- El gran río de los corazones II -- Hombres sin mujeres -- El invicto -- En otro país -- Colinas como elefantes blancos -- Los asesinos -- Che ti dice la patria? -- Cincuenta de los grandes -- Una simple pregunta -- Diez indios -- Un canario como regalo -- Un idilio alpino -- Una carrera de persecución -- Hoy es viernes -- Un cuento trivial -- Ahora que me acuesto -- Ganancias de nada -- Después de la tormenta -- Un lugar limpio y bien iluminado -- La luz del mundo -- Felices Pascuas -- La transformación marina -- Algo que tú nunca serás -- La madre de un as -- Una lectora escribe -- Homenaje a Suiza -- Un día de espera -- Historia natural de la muerte -- El vino de Wyoming -- El jugador, la monja y la radio -- Padres e hijos -- OTROS CUENTOS -- La denuncia -- La mariposa y el tanque -- La noche anterior a la batalla -- Bajo la colina -- POR QUIÉN DOBLAN LAS CAMPANAS</subfield>
  </datafield>
  <datafield tag="020" ind1=" " ind2=" ">
   <subfield code="a">8432224103</subfield>
  </datafield>
  <datafield tag="100" ind1="1" ind2=" ">
   <subfield code="a">Hemingway, Ernest.</subfield>
  </datafield>
  <datafield tag="653" ind1=" " ind2=" ">
   <subfield code="a">Literatura estadounidense</subfield>
  </datafield>
  <datafield tag="653" ind1=" " ind2=" ">
   <subfield code="a">Narrativa estadounidense</subfield>
  </datafield>
  <datafield tag="859" ind1=" " ind2=" ">
   <subfield code="a">CEMS</subfield>
   <subfield code="b">BIB. CEMS - 11 de abril</subfield>
   <subfield code="h">813.5</subfield>
   <subfield code="i">H373-7</subfield>
   <subfield code="p">29875.25</subfield>
   <subfield code="t">Ej.1</subfield>
  </datafield>
 </record>
</collection>
